| 000 | 00583nam a2200229Ia 4500 | ||
|---|---|---|---|
| 008 | 160901s9999 xx 000 0 und d | ||
| 020 | _a0-07-226210-9 | ||
| 050 | _aComSc QA 76.76 | ||
| 050 | _b.H94K46 2005 | ||
| 100 | _aKeogh, Jim. | ||
| 245 | _aXML demystified / | ||
| 245 | _cJim Keogh, Ken Davidson. | ||
| 260 | _aNew York : | ||
| 260 | _bMcGraw-Hill., | ||
| 260 | _c2005 | ||
| 300 | _a221 pages : | ||
| 300 | _bill. ; | ||
| 300 | _c23 cm. | ||
| 440 | _aMcGraw-Hill "Demystified series | ||
| 500 | _aIncludes index. | ||
| 650 | _aXML (Document markup language). | ||
| 999 |
_c300826 _d300826 |
||